‌‌‌پھلوں کے کھانے اور خوش ذائقھ مصنوعات / (Record no. 38877)

MARC details
000 -LEADER
fixed length control field 02773nam a22003737a 4500
005 - DATE AND TIME OF LATEST TRANSACTION
control field 2010080307247.0
008 - FIXED-LENGTH DATA ELEMENTS--GENERAL INFORMATION
fixed length control field 100412t xxu||||| |||| 00| 0 ur d
020 ## - INTERNATIONAL STANDARD BOOK NUMBER
Terms of availability 90.00
020 ## - INTERNATIONAL STANDARD BOOK NUMBER
Terms of availability 8188912301
035 ## - SYSTEM CONTROL NUMBER
System control number B-395259-266
037 ## - SOURCE OF ACQUISITION
Source of stock number/acquisition Educational Publishing House
040 ## - CATALOGING SOURCE
Original cataloging agency dpl
Language of cataloging ur
082 ## - DEWEY DECIMAL CLASSIFICATION NUMBER
Classification number 641.462
100 ## - MAIN ENTRY--PERSONAL NAME
Personal name محمد شبّیر قمر
9 (RLIN) 616
245 ## - TITLE STATEMENT
Title ‌‌‌پھلوں کے کھانے اور خوش ذائقھ مصنوعات /
Statement of responsibility, etc محمّد شبّیر قمر
Remainder of title
246 ## - VARYING FORM OF TITLE
Title proper/short title Phalon Ke Khane Aur Khush Zaiqa Masnuat /
Remainder of title by Mohd. Bashir Qamar
260 ## - PUBLICATION, DISTRIBUTION, ETC. (IMPRINT)
Place of publication, distribution, etc دلّی
Name of publisher, distributor, etc بک کارپوريشن
Date of publication, distribution, etc 2010
270 ## - ADDRESS
Address 3191, Ground Floor, Mirza Ahmad Ali Marg, Kucha Pandit, Lal kuan
City Delhi
Postal code 110006
Telephone number 23216162, 23214465
Electronic mail address ephdelhi@yahoo.com
Fax number 0091-11-23211540
300 ## - PHYSICAL DESCRIPTION
Extent 302 ص
Dimensions 22 س م (Hb)
500 ## - GENERAL NOTE
General note
600 ## - SUBJECT ADDED ENTRY--PERSONAL NAME
Personal name کہا نی
9 (RLIN) 966
600 ## - SUBJECT ADDED ENTRY--PERSONAL NAME
Personal name Story
9 (RLIN) 967
700 ## - ADDED ENTRY--PERSONAL NAME
9 (RLIN) 4765
942 ## - ADDED ENTRY ELEMENTS (KOHA)
Source of classification or shelving scheme Dewey Decimal Classification
Item type Urdu Bks
Classification part 641.462
Call number suffix م ح م
Holdings
Withdrawn status Lost status Source of classification or shelving scheme Damaged status Not for loan Collection code Home library Current library Date acquired Source of acquisition Cost, normal purchase price Total Checkouts Full call number Barcode Date last seen Copy number Cost, replacement price Koha item type
    Dewey Decimal Classification     Non-fiction Bawana Bawana 03/08/2010 EPH /3406 / 31.03.10 / 4:5 / 25.03.10 / 31.03.10 90.00 1 641.462 م ح م B-395260 25/02/2019 1 90.00 Urdu Bks
    Dewey Decimal Classification     Non-fiction Central Library Central Library 03/08/2010 EPH /3406 / 31.03.10 / 4:5 / 25.03.10 / 31.03.10 90.00 2 641.462 م ح م B-395259 22/02/2020 1 90.00 Urdu Bks
    Dewey Decimal Classification     Non-fiction Janak Puri Janak Puri 03/08/2010 EPH /3406 / 31.03.10 / 4:5 / 25.03.10 / 31.03.10 90.00 3 641.462 م ح م B-395261 10/05/2014 1 90.00 Urdu Bks
    Dewey Decimal Classification     Non-fiction Karol Bagh Karol Bagh 03/08/2010 EPH /3406 / 31.03.10 / 4:5 / 25.03.10 / 31.03.10 90.00   641.462 م ح م B-395263 03/08/2010 1 90.00 Urdu Bks
  Written-off vide DLB M. No. 383 dt 16.05.19 Dewey Decimal Classification     Non-fiction Narela Narela 03/08/2010 EPH /3406 / 31.03.10 / 4:5 / 25.03.10 / 31.03.10 90.00   641.462 م ح م B-395264 03/08/2010 1 90.00 Urdu Bks
    Dewey Decimal Classification     Non-fiction R.C.Libraries (BL-IV) R.C.Libraries (BL-IV) 03/08/2010 EPH /3406 / 31.03.10 / 4:5 / 25.03.10 / 31.03.10 90.00   641.462 م ح م B-395266 03/08/2010 1 90.00 Urdu Bks
  Written-off vide DLB M. No. 383 dt 16.05.19 Dewey Decimal Classification     Non-fiction Shahdara Branch Shahdara Branch 03/08/2010 EPH /3406 / 31.03.10 / 4:5 / 25.03.10 / 31.03.10 90.00   641.462 م ح م B-395265 03/08/2010 1 90.00 Urdu Bks
    Dewey Decimal Classification     Non-fiction Sriniwas Puri Sriniwas Puri 03/08/2010 EPH /3406 / 31.03.10 / 4:5 / 25.03.10 / 31.03.10 90.00   641.462 م ح م B-395262 03/08/2010 1 90.00 Urdu Bks

© Delhi Public Library
Hit Counter
free hit counter